Logistika - klíč k úsporám.

Rozhovor s prezidentom americkej spoločnosti BENDER Managements Consultants Inc. Paulom Benderom. Spoločnosť ponúka svoje vysokoodborné služby v oblasti optimalizácie logistických systémov. Výklad pojmu logistika a jej praktické použitie. Logistické metódy a ich aplikácia v podnikoch a spoločnostiac...

Descrizione completa

Salvato in:
Dettagli Bibliografici
Autore principale: Bender, P.
Natura: Capitolo di libro
Lingua:ceco
Soggetti:
Tags: Aggiungi Tag
Nessun Tag, puoi essere il primo ad aggiungerne!!

MARC

LEADER 00000naa a2200000 4500
001 r013535
005 20221205080516.8
041 0 |a cze 
044 |a CZ 
245 1 0 |a Logistika - klíč k úsporám.  |c P. Bender 
520 |a Rozhovor s prezidentom americkej spoločnosti BENDER Managements Consultants Inc. Paulom Benderom. Spoločnosť ponúka svoje vysokoodborné služby v oblasti optimalizácie logistických systémov. Výklad pojmu logistika a jej praktické použitie. Logistické metódy a ich aplikácia v podnikoch a spoločnostiach ČR. Popis dvoch expertných logistických systémov SOPRA a LOMAS. Popis jednotlivých modulov systému LOMAS. 
610 2 0 |a logistika 
610 2 0 |a úspory 
610 2 0 |a systémy expertné 
610 2 0 |a moduly 
610 2 0 |a SOPRA 
610 2 0 |a LOMAS 
610 2 0 |a poradenstvo 
100 1 |a Bender, P.